000 00627nam a2200205Ia 4500
001 12329
003 GE_BSU
008 181216s||||||||xx |||||||||||||| ||und||
040 _cGE_BSU
080 _a581:582
100 _aПопов,М.Г.
245 _aФилогения,флорогенетика,флорография,систематика
245 _cРед.А.В.Янковская
260 _aКиев
260 _bНаука думка
260 _c1983
300 _a279стр.25см.
653 _aФилогения,флорогенетика,флорография,систематика
942 _cBK
999 _c45504
_d45504